<?xml version="1.0" encoding="UTF-8"?>
<record
    xmlns:xsi="http://www.w3.org/2001/XMLSchema-instance"
    xsi:schemaLocation="http://www.loc.gov/MARC21/slim http://www.loc.gov/standards/marcxml/schema/MARC21slim.xsd"
    xmlns="http://www.loc.gov/MARC21/slim">

  <leader>00622nam  22001933  4500</leader>
  <controlfield tag="001">201968</controlfield>
  <datafield tag="090" ind1=" " ind2=" ">
    <subfield code="a">201968</subfield>
  </datafield>
  <datafield tag="100" ind1=" " ind2=" ">
    <subfield code="a">20260427d        u||y0pory50      ba</subfield>
  </datafield>
  <datafield tag="200" ind1=" " ind2=" ">
    <subfield code="a">Poemas pol&#xED;ticos</subfield>
    <subfield code="f">Hans Magnus Enzensberger </subfield>
    <subfield code="g">tradu&#xE7;&#xE3;o Almeida Faria</subfield>
  </datafield>
  <datafield tag="210" ind1=" " ind2=" ">
    <subfield code="a">Lisboa</subfield>
    <subfield code="c">Dom Quixote</subfield>
    <subfield code="d">1975</subfield>
  </datafield>
  <datafield tag="215" ind1=" " ind2=" ">
    <subfield code="a">147, [2] p.</subfield>
    <subfield code="c">brochado</subfield>
    <subfield code="d">21 cm</subfield>
  </datafield>
  <datafield tag="225" ind1=" " ind2=" ">
    <subfield code="a">Poesia S&#xE9;culo XX</subfield>
    <subfield code="v">7</subfield>
  </datafield>
  <datafield tag="606" ind1=" " ind2=" ">
    <subfield code="9">5683</subfield>
    <subfield code="a">Literatura Alem&#xE3;</subfield>
    <subfield code="x">Poesia</subfield>
  </datafield>
  <datafield tag="675" ind1=" " ind2=" ">
    <subfield code="a">821.112.2-1"19/20"</subfield>
    <subfield code="v">PT</subfield>
    <subfield code="z">por</subfield>
  </datafield>
  <datafield tag="700" ind1=" " ind2=" ">
    <subfield code="9">17200</subfield>
    <subfield code="a">Enzensberger</subfield>
    <subfield code="b">Hans Magnus</subfield>
    <subfield code="f">1929-2022</subfield>
  </datafield>
  <datafield tag="702" ind1=" " ind2=" ">
    <subfield code="9">1040</subfield>
    <subfield code="a">Faria</subfield>
    <subfield code="b">Almeida</subfield>
    <subfield code="f">1943-</subfield>
  </datafield>
  <datafield tag="801" ind1=" " ind2=" ">
    <subfield code="a">PT</subfield>
    <subfield code="b">BMMN</subfield>
    <subfield code="g">RPC</subfield>
  </datafield>
  <datafield tag="830" ind1=" " ind2=" ">
    <subfield code="c">Ana Falardo</subfield>
    <subfield code="f">Ana Falardo</subfield>
  </datafield>
  <datafield tag="990" ind1=" " ind2=" ">
    <subfield code="c">LIVROS</subfield>
  </datafield>
  <datafield tag="995" ind1=" " ind2=" ">
    <subfield code="0">0</subfield>
    <subfield code="2">0</subfield>
    <subfield code="5">2026-04-27</subfield>
    <subfield code="9">31645</subfield>
    <subfield code="b">BMMN</subfield>
    <subfield code="f">31367</subfield>
    <subfield code="k">821.112.2-1 ENZ|SAF</subfield>
    <subfield code="o">0</subfield>
    <subfield code="r">LIVROS</subfield>
    <subfield code="u">Acesso Condicionado</subfield>
    <subfield code="s">Oferta</subfield>
  </datafield>
</record>
